00639pab a2200193 454500008004000000100001700040245013300057260000900190300001400199362000800213650001700221650001900238650001600257773003100273908000600304909001100310999001900321952010500340180718b2015 xxu||||| |||| 00| 0 eng d aNair, Rashmy aThe right to fair compensation and transparency in land acquisition, rehabilitation and resettlement act-2013: A critical review c2015 ap.82-100. aMar aResettlement aRehabilitation aLand tenure aASCI Journal of Management aN a107011 c107006d107006 00104070aIIPAbIIPAd2018-07-19hVolume no: 44, Issue no: 1pAR107471r2018-07-19w2018-07-19yAR